[Event "FRA T0708W"]
[Site "France "]
[Date "2010.??.??"]
[Round "2.6"]
[White "Sabo Benke, Valeria"]
[Black "Soubrier, Aude"]
[Result "1-0"]
[WhiteElo "1843"]
[BlackElo "1979"]
[PlyCount "43"]
[EventDate "2008.??.??"]
[EventType "team-swiss"]
[EventRounds "3"]
[EventCountry "FRA"]

1. e4 e5 2. Nf3 Nc6 3. Bc4 Nf6 4. d3 Be7 5. Nc3 d6 6. h3 Na5 7. Bb3 Nxb3 8.
axb3 O-O 9. O-O c6 10. Bg5 Ne8 11. Qd2 f5 12. Bxe7 Qxe7 13. Qg5 Qf7 14. exf5
Bxf5 15. Qh4 Qd7 16. Ng5 h6 17. Nge4 d5 18. Ng3 Nd6 19. Nxf5 Nxf5 20. Qg4 Rf6
21. Rae1 Rg6 22. Qxg6 1-0

[Event "FRA T0708W"]
[Site "France "]
[Date "2010.??.??"]
[Round "2.7"]
[White "Mehiaoui, Dounia"]
[Black "Serrano, Charlotte"]
[Result "1-0"]
[WhiteElo "1855"]
[BlackElo "1710"]
[PlyCount "91"]
[EventDate "2008.??.??"]
[EventType "team-swiss"]
[EventRounds "3"]
[EventCountry "FRA"]

1. e4 d5 2. exd5 Qxd5 3. Nc3 Qa5 4. d4 c6 5. Nf3 Nf6 6. Bd2 Bf5 7. Bc4 Nbd7 8.
O-O e6 9. a3 Qc7 10. Re1 Be7 11. Ng5 O-O 12. f3 Bd6 13. g3 Nd5 14. Kg2 Qb6 15.
Nge4 Be7 16. Bc1 Rfd8 17. Bb3 h6 18. Nxd5 cxd5 19. Nc3 Rac8 20. g4 Bg6 21. Nxd5
Qd6 22. Nxe7+ Qxe7 23. Bf4 Qf6 24. Bg3 Nc5 25. c3 Nxb3 26. Qxb3 b6 27. Rad1 Qg5
28. Re5 Qf6 29. d5 exd5 30. Rexd5 Qe7 31. R1d2 Rxd5 32. Qxd5 Re8 33. c4 Qe3 34.
Bf2 Qe7 35. b4 Kh7 36. c5 bxc5 37. Bxc5 Qc7 38. Qd4 a6 39. Qd6 Qb7 40. Kf2 Re6
41. Qd7 Qa8 42. Rd6 Re5 43. Bd4 Rb5 44. Rxg6 Kxg6 45. a4 Rxb4 46. Qf5# 1-0

[Event "FRA T0708W"]
[Site "France "]
[Date "2008.??.??"]
[Round "2.9"]
[White "Bismuth, Lea"]
[Black "Fernandez, Laura"]
[Result "0-1"]
[WhiteElo "1930"]
[BlackElo "2025"]
[PlyCount "56"]
[EventDate "2008.??.??"]
[EventType "team-swiss"]
[EventRounds "3"]
[EventCountry "FRA"]

1. e4 d5 2. exd5 Qxd5 3. Nc3 Qd6 4. g3 Nf6 5. Bg2 c6 6. d3 Bf5 7. Nf3 Nbd7 8.
Bf4 Qb4 9. Qd2 e6 10. O-O Be7 11. Rfe1 O-O 12. a3 Qb6 13. Nh4 Bg4 14. h3 Bh5
15. d4 Nd5 16. Nf5 Bf6 17. Nxd5 cxd5 18. Nd6 Bxd4 19. Nxb7 e5 20. Bxe5 Nxe5 21.
Bxd5 Nf3+ 22. Bxf3 Bxf3 23. Na5 Rad8 24. Nc4 Qc6 25. Na5 Qa8 26. Kh2 Bxb2 27.
Qf4 Bxa1 28. Rxa1 Rfe8 0-1

[Event "FRA T0708W"]
[Site "France "]
[Date "2010.??.??"]
[Round "2.10"]
[White "Gadarinian, Caroline"]
[Black "Bertrand, Meryl"]
[Result "1-0"]
[WhiteElo "1909"]
[BlackElo "1590"]
[PlyCount "37"]
[EventDate "2008.??.??"]
[EventType "team-swiss"]
[EventRounds "3"]
[EventCountry "FRA"]

1. Nf3 d5 2. d4 Bg4 3. Bg5 Nd7 4. Nbd2 Ngf6 5. c3 c6 6. Qc2 e6 7. Ne5 Qc7 8.
Nxg4 Nxg4 9. e4 f6 10. Bh4 e5 11. exd5 cxd5 12. Qf5 Nh6 13. Qe6+ Be7 14. Bb5
Qd6 15. Qh3 exd4 16. Bg3 Qb6 17. Qxd7+ Kf8 18. Bc7 Qc5 19. Nb3 1-0

[Event "FRA T0708W"]
[Site "France "]
[Date "2010.??.??"]
[Round "2.11"]
[White "Perrier, Lea"]
[Black "Bismuth, Sarah"]
[Result "0-1"]
[WhiteElo "1647"]
[BlackElo "1769"]
[PlyCount "62"]
[EventDate "2008.??.??"]
[EventType "team-swiss"]
[EventRounds "3"]
[EventCountry "FRA"]

1. e4 e5 2. Nc3 Nc6 3. f4 d6 4. Nf3 Nf6 5. Bb5 exf4 6. d4 Bd7 7. Bxf4 Be7 8.
O-O a6 9. Be2 O-O 10. Qe1 h6 11. Rd1 Qe8 12. e5 dxe5 13. Nxe5 Nxe5 14. dxe5
Bc5+ 15. Kh1 Nh7 16. Qg3 Kh8 17. Bf3 Rb8 18. Nd5 Rc8 19. Bxh6 gxh6 20. Nf6 Nxf6
21. exf6 Rg8 22. Qh4 Bf8 23. Rfe1 Be6 24. Qf4 Qb5 25. Re5 Qc4 26. Qd2 Qh4 27.
Qc3 Qxf6 28. Bxb7 Rb8 29. Bxa6 Bb4 30. Qe3 Bd6 31. Rf1 Qg7 0-1

[Event "FRA T0708W"]
[Site "France "]
[Date "2008.??.??"]
[Round "2.12"]
[White "Aggoune, Audessa"]
[Black "Canterel, Cecile"]
[Result "1/2-1/2"]
[WhiteElo "1660"]
[BlackElo "1650"]
[PlyCount "101"]
[EventDate "2008.??.??"]
[EventType "team-swiss"]
[EventRounds "3"]
[EventCountry "FRA"]

1. d4 Nf6 2. c4 e5 3. e3 d6 4. dxe5 dxe5 5. Qxd8+ Kxd8 6. g3 Nc6 7. a3 Bf5 8.
Nc3 e4 9. Nge2 Bc5 10. b4 Bd6 11. Nd4 Nxd4 12. exd4 b6 13. Be3 Ng4 14. Bg2 Nxe3
15. fxe3 Re8 16. Rd1 Kc8 17. Ke2 Bg4+ 18. Kf2 Bxd1 19. Rxd1 f5 20. g4 g6 21.
gxf5 gxf5 22. Bh3 Rf8 23. Nxe4 h6 24. Nxd6+ cxd6 25. Rg1 Kd8 26. Rg6 Ke7 27.
Rxh6 Rac8 28. Bf1 Rh8 29. Rxh8 Rxh8 30. h3 Ke6 31. Kg3 d5 32. Kf4 dxc4 33.
Bxc4+ Kf6 34. Bd3 Rxh3 35. Bxf5 Rh1 36. Bc2 Ra1 37. a4 a6 38. Ke4 Ra2 39. Bb3
Rb2 40. Bc4 Rxb4 41. Bxa6 Rxa4 42. Bd3 Ra5 43. Bc2 b5 44. Kd5 Ra8 45. e4 b4 46.
Bb3 Rb8 47. Kc4 Rd8 48. Kc5 Rc8+ 49. Kxb4 Rb8+ 50. Kc3 Re8 51. Kd3 1/2-1/2

[Event "FRA T0708W"]
[Site "France "]
[Date "2010.??.??"]
[Round "2.13"]
[White "Magnin, Segolene"]
[Black "Mollard, Anne"]
[Result "1/2-1/2"]
[WhiteElo "1799"]
[BlackElo "1830"]
[PlyCount "78"]
[EventDate "2008.??.??"]
[EventType "team-swiss"]
[EventRounds "3"]
[EventCountry "FRA"]

1. e4 e6 2. c4 c6 3. Nc3 d5 4. cxd5 exd5 5. exd5 cxd5 6. d4 Bb4 7. Bb5+ Nc6 8.
Nge2 a6 9. Qa4 Bd7 10. Bxc6 Bxc3+ 11. Nxc3 Bxc6 12. Qb3 Qe7+ 13. Be3 Nf6 14. h3
O-O 15. O-O Rad8 16. Bg5 h6 17. Bh4 g5 18. Bg3 Nh5 19. Rae1 Qd7 20. Bh2 Rde8
21. Qd1 Ng7 22. f4 Rxe1 23. Rxe1 Re8 24. fxg5 hxg5 25. Be5 Re6 26. Rf1 Qe7 27.
Qf3 Rxe5 28. dxe5 d4 29. Ne4 Bxe4 30. Qxe4 Ne6 31. Qf5 Nf4 32. h4 d3 33. hxg5
Ne2+ 34. Kh2 d2 35. Qe4 Qxg5 36. Qxe2 Qh4+ 37. Kg1 Qd4+ 38. Kh1 Qh4+ 39. Kg1
Qd4+ 1/2-1/2

[Event "FRA T0708W"]
[Site "France "]
[Date "2010.??.??"]
[Round "2.14"]
[White "Cuffaro, Laetitia"]
[Black "Decor, Cindy"]
[Result "1/2-1/2"]
[WhiteElo "1710"]
[BlackElo "1770"]
[PlyCount "40"]
[EventDate "2008.??.??"]
[EventType "team-swiss"]
[EventRounds "3"]
[EventCountry "FRA"]

1. d4 d5 2. Nf3 Nf6 3. Bf4 Bf5 4. e3 e6 5. c4 c6 6. Nc3 Nbd7 7. Be2 Qb6 8. Qb3
Qxb3 9. axb3 Bc2 10. Bd1 Bd3 11. Be2 Bc2 12. Bd1 Bd3 13. Be2 Bxe2 14. Nxe2 Be7
15. Ra2 O-O 16. h3 Bb4+ 17. Nd2 Rfe8 18. Nc3 Bxc3 19. bxc3 Ne4 20. Rc2 f6
1/2-1/2

[Event "FRA T0708W"]
[Site "France "]
[Date "2008.??.??"]
[Round "3.1"]
[White "Bernardin, Daniele"]
[Black "Fantin, Alison"]
[Result "0-1"]
[WhiteElo "1740"]
[BlackElo "1905"]
[PlyCount "110"]
[EventDate "2008.??.??"]
[EventType "team-swiss"]
[EventRounds "3"]
[EventCountry "FRA"]

1. Nf3 d5 2. e3 c6 3. d4 Nf6 4. Nc3 Nbd7 5. Be2 e6 6. O-O Bd6 7. Ne1 e5 8. dxe5
Bxe5 9. Nd3 Bc7 10. Bf3 O-O 11. b3 Re8 12. Bb2 Ne4 13. Bxe4 dxe4 14. Nf4 Qf6
15. Nh5 Qe5 16. Ng3 f5 17. Qd4 Qxd4 18. exd4 Nf6 19. Nce2 f4 20. Nh1 f3 21.
Neg3 Bg4 22. Rfe1 fxg2 23. Kxg2 Bf3+ 24. Kg1 Bf4 25. Bc1 Bxc1 26. Raxc1 Rad8
27. c3 Nd5 28. h3 Nf4 29. Kh2 Nd3 30. Nf1 Nxc1 31. Rxc1 Bxh1 32. Kxh1 Rf8 33.
Kg2 Rf4 34. Ne3 Rdf8 35. Rf1 Rf3 36. c4 R3f6 37. d5 cxd5 38. Nxd5 Rg6+ 39. Kh2
Kh8 40. a3 Rf3 41. Ne3 Rh6 42. Kg2 Rhxh3 43. Rd1 Rh2+ 44. Kf1 Rh1+ 45. Ke2 Rxd1
46. Kxd1 Kg8 47. Ng4 Rh3 48. Ne3 Kf7 49. a4 Ke6 50. b4 Ke5 51. a5 a6 52. b5
Rxe3 53. fxe3 Kd6 54. Kd2 Kc5 55. Kc3 h5 0-1

[Event "FRA T0708W"]
[Site "France "]
[Date "2008.??.??"]
[Round "3.1"]
[White "Cosma, Elena Luminita"]
[Black "Bernard, Aline"]
[Result "1-0"]
[WhiteElo "2374"]
[BlackElo "1850"]
[PlyCount "83"]
[EventDate "2008.??.??"]
[EventType "team-swiss"]
[EventRounds "3"]
[EventCountry "FRA"]

1. d4 d5 2. c4 c6 3. cxd5 cxd5 4. Bf4 Nf6 5. Nc3 e6 6. e3 Bd6 7. Bg3 O-O 8. Bd3
Nc6 9. Rc1 Qe7 10. Nf3 e5 11. dxe5 Nxe5 12. Be2 Bg4 13. O-O Nxf3+ 14. Bxf3 Bxf3
15. Qxf3 Bxg3 16. hxg3 Rfd8 17. Rfd1 Qe6 18. Nb5 Qb6 19. Qe2 Rac8 20. Rxc8 Rxc8
21. Nc3 Rd8 22. Rd4 h6 23. Qd2 Qc6 24. e4 Qc5 25. e5 Nh7 26. b4 Qe7 27. Nxd5
Qxe5 28. Ne7+ Qxe7 29. Rxd8+ Nf8 30. Qd6 Qxd6 31. Rxd6 Kh7 32. Rd8 Ne6 33. Rd7
Kg6 34. Rxb7 Nd4 35. Rxa7 Nb5 36. Ra6+ f6 37. a4 Nc7 38. Rb6 Kf5 39. b5 Ke5 40.
Rb7 Ne6 41. a5 g6 42. a6 1-0

[Event "FRA T0708W"]
[Site "France "]
[Date "2010.??.??"]
[Round "3.1"]
[White "Lebel Arias, Julia"]
[Black "Milliet, Sophie"]
[Result "0-1"]
[WhiteElo "1973"]
[BlackElo "2354"]
[PlyCount "52"]
[EventDate "2008.??.??"]
[EventType "team-swiss"]
[EventRounds "3"]
[EventCountry "FRA"]

1. d4 Nf6 2. Bg5 c5 3. c3 Qb6 4. Qc2 cxd4 5. cxd4 Nc6 6. Bxf6 gxf6 7. e3 d5 8.
Nc3 Bf5 9. Qb3 Qxb3 10. axb3 Nb4 11. Bb5+ Kd8 12. Kd2 Rg8 13. g3 e6 14. Nf3 a6
15. Rhc1 Rc8 16. Be2 Bd6 17. Nh4 Bg6 18. f4 Be4 19. Nxe4 dxe4 20. f5 Ke7 21.
Rxc8 Rxc8 22. Rc1 Rd8 23. fxe6 fxe6 24. Bf1 f5 25. Be2 Kf6 26. Rf1 b5 0-1

[Event "FRA T0708W"]
[Site "France "]
[Date "2008.??.??"]
[Round "3.1"]
[White "Rachez, Pascale"]
[Black "Jolly, Marie"]
[Result "1-0"]
[WhiteElo "1925"]
[BlackElo "1723"]
[PlyCount "43"]
[EventDate "2008.??.??"]
[EventType "team-swiss"]
[EventRounds "3"]
[EventCountry "FRA"]

1. e4 e6 2. d4 d5 3. Nd2 Nf6 4. e5 Nfd7 5. f4 c5 6. Ndf3 Nc6 7. c3 a6 8. Ne2 b5
9. Bd2 Qb6 10. dxc5 Bxc5 11. Ned4 Bb7 12. Bd3 Rc8 13. Be3 b4 14. O-O bxc3 15.
bxc3 O-O 16. Rb1 Qa7 17. Bxh7+ Kh8 18. Bc2 a5 19. Ng5 g6 20. Qg4 Kg7 21. Ngxe6+
fxe6 22. Qxg6+ 1-0

[Event "FRA T0708W"]
[Site "France "]
[Date "2008.??.??"]
[Round "3.2"]
[White "Durand, Sylvine"]
[Black "Selimanjin, Izeta"]
[Result "0-1"]
[WhiteElo "1460"]
[BlackElo "1780"]
[PlyCount "46"]
[EventDate "2008.??.??"]
[EventType "team-swiss"]
[EventRounds "3"]
[EventCountry "FRA"]

1. e4 b6 2. d4 Bb7 3. Nc3 e6 4. Nf3 Bb4 5. Bd2 Nf6 6. e5 Nd5 7. Bd3 Nxc3 8.
bxc3 Be7 9. O-O d6 10. Bf4 g5 11. Bg3 h5 12. h3 Rg8 13. Nd2 g4 14. hxg4 hxg4
15. Be2 dxe5 16. Bxe5 Bd6 17. Bd3 Bxe5 18. dxe5 Qh4 19. Ne4 Nd7 20. Re1 O-O-O
21. Ng3 Nc5 22. Qd2 Rh8 23. f3 Qh2+ 0-1

[Event "FRA T0708W"]
[Site "France "]
[Date "2008.??.??"]
[Round "3.2"]
[White "Gaguech, Elisa"]
[Black "Benard, Nathalie"]
[Result "0-1"]
[WhiteElo "1500"]
[BlackElo "1670"]
[PlyCount "76"]
[EventDate "2008.??.??"]
[EventType "team-swiss"]
[EventRounds "3"]
[EventCountry "FRA"]

1. e4 e5 2. Nf3 d6 3. d4 exd4 4. Nxd4 Be7 5. Bc4 Nf6 6. Nc3 O-O 7. h3 Nbd7 8.
O-O Ne5 9. Bb3 c5 10. Nf5 c4 11. Ba4 a6 12. Nxe7+ Qxe7 13. Nd5 Nxd5 14. Qxd5
Be6 15. Qd1 b5 16. b3 bxa4 17. Ba3 Rfd8 18. f4 Nc6 19. e5 Qa7+ 20. Kh1 dxe5 21.
Qh5 f6 22. Bb2 axb3 23. axb3 cxb3 24. cxb3 Bxb3 25. fxe5 Bf7 26. Qf5 fxe5 27.
Bxe5 Nxe5 28. Qxe5 Bc4 29. Rfc1 Qd4 30. Qxd4 Rxd4 31. Ra4 Rc8 32. Kg1 Kf7 33.
Re1 Rd2 34. Rc1 Be6 35. Rf1+ Kg8 36. Rxa6 Bc4 37. Ra7 Bxf1 38. Kxf1 Rc1# 0-1

[Event "FRA T0708W"]
[Site "France "]
[Date "2008.??.??"]
[Round "3.2"]
[White "Hamdouchi Bogza, Adina Maria"]
[Black "Sabo Benke, Valeria"]
[Result "1-0"]
[WhiteElo "2297"]
[BlackElo "1843"]
[PlyCount "41"]
[EventDate "2008.??.??"]
[EventType "team-swiss"]
[EventRounds "3"]
[EventCountry "FRA"]

1. d4 Nf6 2. g3 e6 3. Bg2 d5 4. Nf3 Nc6 5. O-O Be7 6. b3 O-O 7. c4 dxc4 8. bxc4
a6 9. Nc3 Na7 10. Rb1 Rb8 11. e4 c5 12. d5 exd5 13. cxd5 Bg4 14. Bf4 Re8 15.
Bxb8 Qxb8 16. Re1 Bf8 17. Qa4 Bxf3 18. Bxf3 g6 19. Rb6 Bg7 20. Kg2 Qc7 21. Rxf6
1-0

[Event "FRA T0708W"]
[Site "France "]
[Date "2008.??.??"]
[Round "3.2"]
[White "Schlaeppi, Coralie"]
[Black "Chaumont, Adeline"]
[Result "1/2-1/2"]
[WhiteElo "1630"]
[BlackElo "2065"]
[PlyCount "79"]
[EventDate "2008.??.??"]
[EventType "team-swiss"]
[EventRounds "3"]
[EventCountry "FRA"]

1. e4 c6 2. d4 d5 3. Nc3 dxe4 4. Nxe4 Bf5 5. Ng3 Bg6 6. Nf3 Nd7 7. Bd3 e6 8.
O-O Qc7 9. Re1 O-O-O 10. Be3 Kb8 11. c4 Ngf6 12. Qb3 c5 13. Rad1 cxd4 14. Bxd4
Bc5 15. Qc3 Bxd4 16. Nxd4 Bxd3 17. Rxd3 Nc5 18. Rdd1 a6 19. b4 Ncd7 20. b5 e5
21. Nde2 axb5 22. cxb5 Qb6 23. Qb4 Nc5 24. Nc1 e4 25. a4 Nd3 26. Nxd3 exd3 27.
a5 Qd6 28. Qb2 Qd4 29. Qd2 Rhe8 30. Rxe8 Rxe8 31. h3 Qd5 32. Qb4 Nd7 33. a6 Nc5
34. axb7 Nxb7 35. b6 Rd8 36. Qf4+ Nd6 37. Qa4 Nb5 38. Qf4+ Nd6 39. Qa4 Nb5 40.
Qf4+ 1/2-1/2

[Event "FRA T0708W"]
[Site "France "]
[Date "2008.??.??"]
[Round "3.3"]
[White "Lerat, Yvette"]
[Black "Antoine Michard, Geraldine"]
[Result "1/2-1/2"]
[WhiteElo "1909"]
[BlackElo "1520"]
[PlyCount "49"]
[EventDate "2008.??.??"]
[EventType "team-swiss"]
[EventRounds "3"]
[EventCountry "FRA"]

1. Nf3 d5 2. c4 Nf6 3. g3 Bf5 4. d3 e6 5. Bg2 Nc6 6. O-O Bc5 7. Nbd2 O-O 8. Nb3
Be7 9. a3 b6 10. Qc2 Qd6 11. Nh4 Bg6 12. Nf3 e5 13. cxd5 Nxd5 14. Nfd2 Nd4 15.
Nxd4 exd4 16. Qc4 c6 17. Qxd4 Bf6 18. Qg4 h5 19. Qf3 Rad8 20. Nc4 Qe6 21. e4
Ne7 22. Rb1 c5 23. Bf4 Nc6 24. Rfd1 Nd4 25. Qe3 1/2-1/2

[Event "FRA T0708W"]
[Site "France "]
[Date "2010.??.??"]
[Round "3.3"]
[White "Serrano, Charlotte"]
[Black "Flear, Christine"]
[Result "0-1"]
[WhiteElo "1710"]
[BlackElo "2142"]
[PlyCount "48"]
[EventDate "2008.??.??"]
[EventType "team-swiss"]
[EventRounds "3"]
[EventCountry "FRA"]

1. e4 c5 2. Nf3 e6 3. d4 cxd4 4. Nxd4 Nc6 5. Bf4 d6 6. Nb5 e5 7. Be3 Nf6 8. Bc4
Be7 9. N1c3 a6 10. Na3 b5 11. Bd5 Bd7 12. Ne2 Nxd5 13. Qxd5 Rc8 14. Rc1 O-O 15.
Qd2 f5 16. Qd5+ Kh8 17. O-O fxe4 18. Ng3 Na5 19. Qxe4 Nc4 20. b3 Nxa3 21. Rfd1
Be6 22. f4 Bg4 23. Rf1 d5 24. Qxe5 Bf6 0-1

[Event "FRA T0708W"]
[Site "France "]
[Date "2010.??.??"]
[Round "3.4"]
[White "Franc, Nathalie"]
[Black "Sabo Benke, Agnes"]
[Result "1-0"]
[WhiteElo "2015"]
[BlackElo "1540"]
[PlyCount "61"]
[EventDate "2008.??.??"]
[EventType "team-swiss"]
[EventRounds "3"]
[EventCountry "FRA"]

1. e4 e5 2. Nf3 Nf6 3. Nc3 Nc6 4. Bb5 Bb4 5. d3 O-O 6. Bg5 Re8 7. O-O a6 8. Ba4
b5 9. Bb3 d6 10. h3 Be6 11. Nd5 Bxd5 12. Bxd5 Qd7 13. Bxf6 gxf6 14. Nh4 Ne7 15.
Bxa8 Rxa8 16. Qf3 Qe6 17. Rfd1 c6 18. a4 Rd8 19. axb5 axb5 20. c3 Bc5 21. b4
Bb6 22. Ra6 Bc7 23. Rda1 d5 24. Ra8 Qd6 25. Nf5 Nxf5 26. Qxf5 Qe7 27. Rxd8+
Qxd8 28. Ra6 Qe8 29. Qxf6 Bd8 30. Qxc6 Qe7 31. Qxd5 1-0

[Event "FRA T0708W"]
[Site "France "]
[Date "2010.??.??"]
[Round "3.5"]
[White "Fernandez, Laura"]
[Black "Soubrier, Aude"]
[Result "0-1"]
[WhiteElo "2025"]
[BlackElo "1979"]
[PlyCount "48"]
[EventDate "2008.??.??"]
[EventType "team-swiss"]
[EventRounds "3"]
[EventCountry "FRA"]

1. e4 e5 2. Nf3 Nc6 3. Bc4 Nf6 4. d3 Be7 5. c3 O-O 6. Bb3 d6 7. Nbd2 a5 8. a4
Kh8 9. Nf1 Ng8 10. Ng3 g6 11. h4 f5 12. exf5 gxf5 13. Ng5 d5 14. Qh5 Nf6 15.
Nf7+ Rxf7 16. Qxf7 f4 17. Nh5 Nxh5 18. Qxh5 Qg8 19. Qf3 Be6 20. g3 Re8 21. Bd2
Bd6 22. gxf4 Bg4 23. Rg1 Bxf3 24. Rxg8+ Rxg8 0-1

[Event "FRA T0708W"]
[Site "France "]
[Date "2010.??.??"]
[Round "3.6"]
[White "Mehiaoui, Dounia"]
[Black "Gadarinian, Caroline"]
[Result "1-0"]
[WhiteElo "1855"]
[BlackElo "1909"]
[PlyCount "107"]
[EventDate "2008.??.??"]
[EventType "team-swiss"]
[EventRounds "3"]
[EventCountry "FRA"]

1. e4 d6 2. d4 Nf6 3. Nc3 c6 4. a4 Qa5 5. Bd3 e5 6. Bd2 Nbd7 7. Nf3 exd4 8. Nb5
Qd8 9. Nbxd4 g6 10. O-O Bg7 11. Re1 O-O 12. c3 Ne5 13. Qc2 Nxd3 14. Qxd3 d5 15.
exd5 Nxd5 16. b4 Nc7 17. Bg5 Bf6 18. Bxf6 Qxf6 19. Rad1 Rd8 20. Qc4 Bg4 21. h3
Bxf3 22. Nxf3 Nd5 23. Nd4 a5 24. b5 cxb5 25. Nxb5 Rac8 26. Qb3 Rc5 27. Rd3 Nf4
28. Rf3 Rf5 29. Nd4 Rxd4 30. cxd4 Qxd4 31. Re8+ Kg7 32. Qc3 Qxc3 33. Rxc3 Ne6
34. Rb8 Nc5 35. Rc4 Kf6 36. Ra8 b6 37. Rb8 Nd7 38. Rc6+ Ke5 39. Rb7 Kd5 40. Rc1
Nc5 41. Rxb6 Kd4 42. Rb5 Nxa4 43. Rxf5 gxf5 44. Ra1 Nc5 45. Rxa5 Kd5 46. Kh2 f4
47. Ra8 Nd7 48. Kg1 f5 49. Kf1 Ke5 50. Ke2 Nf6 51. Kf3 h5 52. Ra5+ Nd5 53. h4
Ke6 54. Rxd5 1-0

[Event "FRA T0708W"]
[Site "France "]
[Date "2008.??.??"]
[Round "3.7"]
[White "Bismuth, Sarah"]
[Black "Colombi Gamrat, Marie Pierre"]
[Result "1/2-1/2"]
[WhiteElo "1769"]
[BlackElo "1900"]
[PlyCount "124"]
[EventDate "2008.??.??"]
[EventType "team-swiss"]
[EventRounds "3"]
[EventCountry "FRA"]

1. e4 e5 2. Nf3 d6 3. Bc4 Be7 4. d3 Nf6 5. Nbd2 O-O 6. Nf1 Nc6 7. c3 d5 8. exd5
Nxd5 9. Ng3 Bf6 10. O-O Nb6 11. Bb3 Bg4 12. h3 Bc8 13. Re1 Re8 14. Bc2 Be6 15.
Nh2 g6 16. Ng4 Bg7 17. Qf3 Bd5 18. Qd1 f5 19. Nh2 Bf7 20. Nf3 Bd5 21. a4 a5 22.
Bd2 h6 23. Qc1 Bxf3 24. gxf3 Qh4 25. Kh2 f4 26. Ne4 Qh5 27. Qd1 Rad8 28. Rg1
Ne7 29. Rg4 Kh8 30. Qe2 Nbd5 31. Rag1 Nf6 32. Nxf6 Bxf6 33. Bb3 Rf8 34. Bc2 Qf5
35. Bc1 Qe6 36. d4 g5 37. Qe4 Rf7 38. Re1 Nc6 39. d5 Qxd5 40. Qxd5 Rxd5 41. Bb3
Rfd7 42. Bxd5 Rxd5 43. Rgg1 Ne7 44. Rd1 c6 45. Rd2 Kg7 46. Rgd1 Kf7 47. b3 Ke6
48. Bb2 Nf5 49. Rd3 Be7 50. Kg1 Bc5 51. Kf1 Nd6 52. Ke2 Rxd3 53. Rxd3 e4 54.
fxe4 Nxe4 55. Rf3 Kf5 56. c4 h5 57. Bc1 Bd6 58. Rd3 Bc5 59. Rf3 Bd6 60. Rd3 Bc5
61. Rf3 Bd6 62. Bd2 b6 1/2-1/2

[Event "FRA T0708W"]
[Site "France "]
[Date "2008.??.??"]
[Round "3.8"]
[White "Colin, Phanie"]
[Black "Aggoune, Audessa"]
[Result "1-0"]
[WhiteElo "1560"]
[BlackElo "1660"]
[PlyCount "85"]
[EventDate "2008.??.??"]
[EventType "team-swiss"]
[EventRounds "3"]
[EventCountry "FRA"]

1. c4 c6 2. Nc3 d5 3. cxd5 cxd5 4. Nf3 Nf6 5. e3 Nc6 6. d4 Bf5 7. a3 a6 8. g3
e6 9. Bg2 Be7 10. O-O O-O 11. Bd2 Rc8 12. Rc1 Qd7 13. Qe2 Bd6 14. Rfd1 Na7 15.
Na2 Qa4 16. Bb4 Bxb4 17. Nxb4 a5 18. Na2 Qb3 19. Nc3 Ne4 20. Nxe4 Bxe4 21. Ne5
Rc2 22. Rxc2 Bxc2 23. Rc1 Rc8 24. Qd2 Qxb2 25. Nd3 Qa2 26. Qxa5 Nc6 27. Qd2 Bb3
28. Qc3 Bc4 29. Ra1 Qb3 30. Qxb3 Bxb3 31. Nc5 Bc4 32. Nxb7 Ra8 33. Nc5 Nb4 34.
Rb1 Rxa3 35. Bf1 Nc6 36. Bxc4 dxc4 37. Rb6 c3 38. Rxc6 g6 39. Ne4 Ra1+ 40. Kg2
Kf8 41. Rxc3 Ke7 42. Rc7+ Kf8 43. Ng5 1-0

[Event "FRA T0708W"]
[Site "France "]
[Date "2008.??.??"]
[Round "3.9"]
[White "Bannwarth, Frederique"]
[Black "Magnin, Segolene"]
[Result "1-0"]
[WhiteElo "1858"]
[BlackElo "1799"]
[PlyCount "107"]
[EventDate "2008.??.??"]
[EventType "team-swiss"]
[EventRounds "3"]
[EventCountry "FRA"]

1. e4 e6 2. Nf3 d5 3. Nc3 c5 4. exd5 exd5 5. Bb5+ Bd7 6. Qe2+ Qe7 7. Bxd7+ Nxd7
8. Nxd5 Qxe2+ 9. Kxe2 O-O-O 10. Ne3 h6 11. Re1 Ngf6 12. d3 g6 13. Bd2 Bd6 14.
h3 Rhe8 15. Kf1 Bc7 16. Nc4 g5 17. Rxe8 Rxe8 18. Re1 Rf8 19. Ne3 Ng8 20. Nf5 f6
21. Bc3 Bd8 22. d4 b6 23. dxc5 bxc5 24. Re6 Bb6 25. Nd2 Kd8 26. Nc4 Re8 27.
Rxe8+ Kxe8 28. Ke2 Kf7 29. Kf3 Kg6 30. Ke4 Bd8 31. g4 Ne7 32. Nxe7+ Bxe7 33.
Ne3 Nb6 34. Nd5 Bd8 35. b3 Nd7 36. Ne3 Bc7 37. Nf5 h5 38. Kd5 Be5 39. Ba5 Bh2
40. Ne7+ Kh6 41. Bc3 Be5 42. Bd2 Bh2 43. Ke6 Ne5 44. Ng8+ Kg6 45. Nxf6 h4 46.
Ne4 Nf3 47. Be3 Bf4 48. Bxc5 Ng1 49. Bxa7 Nxh3 50. f3 Bh2 51. Be3 Bg1 52. Bxg1
Nxg1 53. Nf2 Nxf3 54. Kd5 1-0

[Event "FRA T0708W"]
[Site "France "]
[Date "2010.??.??"]
[Round "3.10"]
[White "Decor, Cindy"]
[Black "Vernhet, Alexia"]
[Result "0-1"]
[WhiteElo "1770"]
[BlackElo "1743"]
[PlyCount "62"]
[EventDate "2008.??.??"]
[EventType "team-swiss"]
[EventRounds "3"]
[EventCountry "FRA"]

1. e4 c6 2. d4 d5 3. exd5 cxd5 4. Nf3 Nf6 5. Nc3 Bg4 6. Bb5+ Nc6 7. Qd3 Bxf3 8.
Qxf3 a6 9. Bxc6+ bxc6 10. O-O Qb6 11. Qd3 e6 12. Ne2 c5 13. Qb3 Rb8 14. Qa4+
Qb5 15. Qxb5+ Rxb5 16. b3 Bd6 17. a4 Rb7 18. Ba3 Rc7 19. Rfc1 Kd7 20. f3 Rhc8
21. Ra2 a5 22. dxc5 Bxc5+ 23. Bxc5 Rxc5 24. Kf2 e5 25. Ke3 d4+ 26. Kd2 Nd5 27.
Re1 Nb4 28. Rb2 Rxc2+ 29. Rxc2 Rxc2+ 30. Kd1 d3 31. Nc1 d2 0-1

[Event "FRA T0708W"]
[Site "France "]
[Date "2010.??.??"]
[Round "3.11"]
[White "Kamal, Fatima Zahra"]
[Black "Bartolo, Alexia"]
[Result "0-1"]
[WhiteElo "1823"]
[BlackElo "1650"]
[PlyCount "96"]
[EventDate "2008.??.??"]
[EventType "team-swiss"]
[EventRounds "3"]
[EventCountry "FRA"]

1. e4 e5 2. Nf3 Nc6 3. Bb5 Bc5 4. O-O d6 5. c3 Bb6 6. h3 Bd7 7. d4 h6 8. d5
Nce7 9. Bd3 f5 10. c4 Nf6 11. exf5 Bxf5 12. Nh4 Bxd3 13. Qxd3 Qd7 14. Nc3 g5
15. Ng6 Rg8 16. Nxe7 Qxe7 17. Be3 Nd7 18. Ne4 g4 19. Bxh6 Qh4 20. Bg5 Rxg5 21.
Nxg5 Qxg5 22. hxg4 Qxg4 23. Qh3 Qxh3 24. gxh3 Bd4 25. Rab1 Nc5 26. b3 Ne4 27.
Rbd1 Ke7 28. Kg2 Rf8 29. f4 Rg8+ 30. Kf3 Ng3 31. Rfe1 Kf6 32. fxe5+ dxe5 33. h4
Nf5 34. Rh1 Rg3+ 35. Ke2 Rg4 36. Rdf1 Kg6 37. h5+ Kg5 38. Kf3 Rf4+ 39. Ke2 Rxf1
40. Kxf1 Ng3+ 41. Kg2 Nxh1 42. Kxh1 Kxh5 43. Kg2 Kg6 44. Kf3 Kf6 45. Ke4 Ke7
46. Kf5 Kd6 47. b4 b6 48. Ke4 Bc3 0-1

[Event "FRA T0708W"]
[Site "France "]
[Date "2010.??.??"]
[Round "3.12"]
[White "Lazare, Christelle"]
[Black "Buscara, Lena"]
[Result "0-1"]
[WhiteElo "1520"]
[BlackElo "1691"]
[PlyCount "144"]
[EventDate "2008.??.??"]
[EventType "team-swiss"]
[EventRounds "3"]
[EventCountry "FRA"]

1. d4 Nf6 2. c4 e6 3. Nc3 Bb4 4. Bg5 d6 5. Nf3 Nbd7 6. e4 Bxc3+ 7. bxc3 h6 8.
Bxf6 Nxf6 9. Bd3 O-O 10. O-O Re8 11. Bc2 Bd7 12. d5 e5 13. h3 Nh5 14. Ne1 Nf4
15. Nd3 Qg5 16. Nxf4 exf4 17. Qf3 Re5 18. Rfe1 Rae8 19. Rad1 Qh4 20. Kh2 Rg5
21. Rg1 Ree5 22. Rd3 Rg6 23. Bd1 Reg5 24. a4 Rf6 25. Qe2 Bg4 26. Qd2 Bxd1 27.
Rxd1 Rfg6 28. Rg1 Re5 29. Qe2 f3 30. Qxf3 Qxe4 31. Qxe4 Rxe4 32. Rd4 Re2 33.
Rdd1 Rxf2 34. Rde1 Kf8 35. Rb1 b6 36. Ra1 Rf4 37. a5 Rxc4 38. axb6 axb6 39.
Rge1 Kg8 40. Re7 Rf6 41. Ra7 Rxc3 42. Raxc7 Rxc7 43. Rxc7 Rf5 44. Rb7 Rxd5 45.
Rxb6 Rd2 46. Kg3 Kf8 47. Kf3 Ke7 48. g4 Rd3+ 49. Kg2 Ke6 50. h4 f5 51. gxf5+
Kxf5 52. Rb7 Kf6 53. Rb1 Kg6 54. Kh2 Kh5 55. Rb4 d5 56. Rb7 Kxh4 57. Rxg7 h5
58. Rf7 Rd2+ 59. Kg1 Kg3 60. Rg7+ Kh3 61. Rf7 d4 62. Rf3+ Kg4 63. Rf7 h4 64.
Rg7+ Kh3 65. Rf7 Rg2+ 66. Kf1 d3 67. Ke1 Rg3 68. Kd2 Kg2 69. Rh7 h3 70. Ke1 h2
71. Kd1 h1=Q+ 72. Rxh1 Kxh1 0-1